Glossary of haematological and serological terms (Record no. 3640)
[ view plain ]
| 000 -LEADER | |
|---|---|
| fixed length control field | 00747nac a22001931u 4500 |
| 010 ## - LIBRARY OF CONGRESS CONTROL NUMBER | |
| LC control number | 73157171 |
| 020 ## - INTERNATIONAL STANDARD BOOK NUMBER | |
| International Standard Book Number | 0407727205 |
| 082 00 - DEWEY DECIMAL CLASSIFICATION NUMBER | |
| Classification number | 616.15 |
| Item number | Sa491 |
| 090 ## - LOCALLY ASSIGNED LC-TYPE CALL NUMBER (OCLC); LOCAL CALL NUMBER (OCLC) | |
| -- | 3640 |
| -- | 3640 |
| 100 ## - MAIN ENTRY--PERSONAL NAME | |
| Personal name | Samson, Philip, |
| 245 10 - TITLE STATEMENT | |
| Title | Glossary of haematological and serological terms |
| Statement of responsibility, etc | [by] P. Samson. Under the general editorship of F. J. Baker. |
| 260 ## - PUBLICATION, DISTRIBUTION, ETC. (IMPRINT) | |
| Place of publication, distribution, etc | New York, |
| Name of publisher, distributor, etc | Appleton-Century-Crofts,1972 |
| Date of publication, distribution, etc | [c1972] |
| 300 ## - PHYSICAL DESCRIPTION | |
| Extent | v, 118 p. |
| Other physical details | illus. |
| Dimensions | 22 cm. |
| 500 ## - GENERAL NOTE | |
| General note | Donations - Bibliotheca Alexandrina |
| 650 #0 - SUBJECT ADDED ENTRY--TOPICAL TERM | |
| Topical term or geographic name as entry element | Hematology |
| General subdivision | Terminology. |
| 650 #0 - SUBJECT ADDED ENTRY--TOPICAL TERM | |
| Topical term or geographic name as entry element | Serology |
| General subdivision | Terminology. |
| 942 ## - ADDED ENTRY ELEMENTS (KOHA) | |
| Item type | Book - Borrowing |
| Call number prefix | 616.15Sa491 |
| Withdrawn status | Item status | Source of classification or shelving scheme | Damaged status | Not for loan | Home library | Current library | Shelving location | Date acquired | Source of acquisition | Total Checkouts | Total Renewals | Full call number | Barcode | Date last seen | Date last borrowed | Koha item type |
|---|---|---|---|---|---|---|---|---|---|---|---|---|---|---|---|---|
| Dewey Decimal Classification | Central Library | Central Library | First floor | 03/05/2007 | Purchase | 1 | 1 | 616.15 SAM | 000030314 | 15/07/2025 | 13/10/2018 | Book - Borrowing |